MARC

LEADER 00000nam0a2200000 4500
001 285158
005 20231101235752.0
020 |a RU  |b 85-43513 
035 |a (RuTPU)RU\TPU\book\309363 
090 |a 285158 
100 |a 20150220d1985 k y0rusy5003 ca 
101 0 |a rus 
102 |a RU 
105 |a ac z 011zd 
200 1 |a Кристаллохимия и структурный типоморфизм минералов  |f Всесоюзное минералогическое общество (ВМО) ; под ред. В. А. Франк-Каменецкого 
210 |a Ленинград  |c Наука  |d 1985 
215 |a 192 с.  |c ил. 
300 |a Посвящаетя памяти ученого-кристаллографа академика Н. В. Белова 
320 |a Библиогр. в конце ст. 
600 1 |a Белов  |b Н. В.  |c кристаллограф, геохимик  |f 1891-1982  |g Николай Васильевич  |c академик АН СССР  |2 stltpush  |3 (RuTPU)RU\TPU\pers\35556 
606 1 |a Кристаллохимия  |2 stltpush  |3 (RuTPU)RU\TPU\subj\16345  |9 42439 
606 1 |a Минералы  |x Типоморфные свойства  |2 stltpush  |3 (RuTPU)RU\TPU\subj\43987  |9 63388 
610 1 |a минералы 
610 1 |a типоморфные свойства 
610 1 |a типоморфизм 
610 1 |a структурно-геологическое изучение 
610 1 |a персоналии 
610 1 |a научная деятельность 
675 |a 548.3  |z rus  |v 4 
675 |a 549.01  |z rus  |v 4 
702 1 |a Франк-Каменецкий  |b В. А.  |g Виктор Альбертович  |4 340 
712 0 2 |a Всесоюзное минералогическое общество (ВМО)  |c (Ленинград/Санкт-Петербург)  |c (1947-1993)  |2 stltpush  |3 (RuTPU)RU\TPU\col\6861 
801 0 |a RU  |b RuMRKP  |c 19950704  |g psbo 
801 1 |a RU  |b 63413507  |c 20150220 
801 2 |a RU  |b 63413507  |c 20220726  |g RCR 
942 |c BK